Loading...

The Politics /

This new edition of The Politics provides students with an unusually lucid and accessible account of this complex, difficult and enormously influential work. It is based on Jonathan Barnes' revision of the renowned Jowett translation, and includes detailed note, a guide to further reading and a...

Full description

Bibliographic Details
Main Author: Aristotle
Other Authors: Everson, Stephen
Format: Printed Book
Language:English
Published: Cambridge [England] ; New York : Cambridge University Press, c1988.
Subjects:
Online Access:http://www.loc.gov/catdir/description/cam023/88001896.html
LEADER 01744cam a2200217 a 4500
008 880111s1988 enk b 001 0 eng
082 0 0 |a 320/.01/1  |2 19 
100 0 |a Aristotle. 
240 1 0 |a Politics.  |l English (Cambridge, England : 1988) 
245 1 4 |a The Politics /  |c Aristotle ; edited by Stephen Everson. 
260 |a Cambridge [England] ;  |a New York :  |b Cambridge University Press,  |c c1988. 
300 |a xxxii, 207 p. ;  |c 23 cm. 
504 |a Includes bibliographical references (p. xxxi-xxxii) and indexes. 
520 |a This new edition of The Politics provides students with an unusually lucid and accessible account of this complex, difficult and enormously influential work. It is based on Jonathan Barnes' revision of the renowned Jowett translation, and includes detailed note, a guide to further reading and a chronology of the principal events in Aristotle's life. In his introduction Stephen Everson tackles those problems most likely to hamper students in understanding The Politics. Aristotle's political theory is closely related to claims and types of explanations which he uses and justifies elsewhere in his works, and so one of Everson's main purposes is to show how Aristotle's arguments can best be grasped through an understanding of what he has to say in The Physics about nature and in the The Ethics about human flourishing. 
650 0 |a Political science  |x Early works to 1800. 
700 1 |a Everson, Stephen. 
856 4 2 |u http://www.loc.gov/catdir/description/cam023/88001896.html 
906 |a 7  |b cbc  |c orignew  |d 1  |e ocip  |f 19  |g y-gencatlg 
942 |c BK 
999 |c 273663  |d 273663 
952 |0 0  |1 0  |2 ddc  |4 0  |6 320_000000000000000__01_1_ARI_P  |7 0  |9 307819  |a PHL  |b PHL  |c ST1  |d 2013-12-23  |i 2839  |l 0  |o 320/.01/1 ARI/P  |p PHL2839  |r 2014-12-30  |y BK